000
00303nam a2200121Ia 4500
005
20251222143127.0
008
251222s9999||||xx |||||||||||||| ||spa||
020
_a
84-494-0699-4
082
_a
REF.500.3/O28
245
0
_a
Enciclopedia Didáctica de Ciencias Naturales
264
_b
Océano
942
_c
LIB
999
_c
11767
_d
11767